[Event "GER-ch 74th"]
[Site "Saarbruecken"]
[Date "2002.11.29"]
[Round "8"]
[White "Mueller, Karsten"]
[Black "Holzhaeuer, Mathias"]
[Result "1-0"]
[WhiteElo "2518"]
[BlackElo "2407"]
[Annotator "Mueller,Karsten"]
[PlyCount "65"]
[EventDate "2002.11.22"]
[EventType "swiss"]
[EventRounds "9"]
[EventCountry "GER"]
[SourceTitle "CBM 093"]
[Source "ChessBase"]
[SourceDate "2003.04.01"]
[SourceVersion "1"]
[SourceVersionDate "2003.04.01"]
[SourceQuality "1"]

1. e4 d5 2. exd5 Nf6 3. d4 Bg4 4. Nf3 Qxd5 5. Nc3 Qf5 6. Bd3 Qh5 7. Bf4 Nc6 8.
Bb5 Bxf3 9. gxf3 O-O-O 10. Bxc6 bxc6 11. Qd3 Kb7 12. O-O-O Qa5 13. Rhg1 e6 14.
Be5 Ne8 15. Qc4 Rg8 16. Ne4 Qb5 17. Qc3 Be7 18. Rd3 Nf6 19. Qd2 Kc8 20. Kb1 Nd7
21. Rb3 Qa6 22. Bg3 e5 23. dxe5 Nxe5 24. Qf4 f6 25. Qf5+ Nd7 26. Rd1 g6 27. Qe6
Rge8 28. Rbd3 Bd6 {[%tqu "En","Which is White's best move?","","","e6d6","",6,
"De","Welches ist der beste weiße Zug?","","","e6d6","",6]} 29. Qxd6 $1 cxd6
30. Nxd6+ Kc7 (30... Kb8 31. Nxe8+ Ka8 32. Nc7+ $18) 31. Nxe8+ Kb6 (31... Kc8
32. Nd6+ Kc7 33. Nf7+ $18) (31... Kb7 32. Nxf6 $18 Nxf6 $2 33. Rb3+ Kc8 $2 34.
Rb8#) 32. Rb3+ Kc5 (32... Ka5 33. Bc7+ Nb6 34. Bxd8 $18) 33. Bd6+ (33. Bd6+ Kc4
34. Rb4#) 1-0

[Event "EU-ch 3rd"]
[Site "Batumi"]
[Date "2002.06.12"]
[Round "1"]
[White "Shanava, Konstantine"]
[Black "Sulskis, Sarunas"]
[Result "0-1"]
[WhiteElo "2390"]
[BlackElo "2577"]
[Annotator "Mueller,Karsten"]
[PlyCount "66"]
[EventDate "2002.06.12"]
[EventType "swiss"]
[EventRounds "13"]
[EventCountry "GEO"]
[SourceTitle "CBM 090"]
[Source "ChessBase"]
[SourceDate "2002.09.20"]
[SourceVersion "1"]
[SourceVersionDate "2002.09.20"]
[SourceQuality "1"]

1. e4 d5 2. exd5 Qxd5 3. Nc3 Qa5 4. d4 Nf6 5. Nf3 Nc6 6. Bb5 Ne4 7. a4 a6 $5 (
7... Bg4 8. O-O Nxc3 9. bxc3 Qxc3 10. Bd2 Bxf3 (10... Qb2 $2 11. d5 a6 12. dxc6
axb5 13. cxb7 Rb8 14. axb5 Qxb5 15. Qb1 $1 $18 {(Blatny)}) 11. Bxc3 Bxd1 12. d5
Bxc2 13. dxc6 $40 {1-0 Nikolic,Z-Kosic,D/Tivat 1994/CBM 43/[Blatny,P] (23) und
Weiß hat sehr gefährliche Kompensation.}) (7... Nxc3 8. bxc3 a6 $5 (8... Qxc3+
$2 9. Bd2 Qb2 10. Rb1 Qa2 11. Ne5 $1 Qd5 12. O-O $1 {/\Bc4+- (Blatny)}) (8...
Bd7 9. Bd2 e6 (9... a6 10. c4 Qb6 11. c5 $16) 10. O-O {/\c4->(Blatny)}) 9.
Bxc6+ bxc6 10. O-O {mit Übergang in die Partie.}) 8. Bxc6+ bxc6 9. O-O (9. Bd2
Nxc3 10. Bxc3 Qd5 $11 {/+/=}) 9... Nxc3 10. bxc3 Bg4 (10... Qxc3 $6 11. Ra3 Qb4
12. Ne5 Be6 13. Re1 {und Weiß übt unangenehmen Druck aus.}) 11. Qd3 e6 12. Ne5
Bf5 13. Qd2 (13. Qg3 Qd5 14. Nd3 Bg6 15. Ba3 {kommt in Betracht, um auf die
etwas geschwächten schwarzen Felder im schwarzen Lager zu spielen.}) 13... Bd6
14. Ba3 $6 (14. Re1 {ist genauer, z.B.} O-O 15. Ba3 Rfe8 16. Bb4 Qd5 17. Bxd6
Qxd6 $11 {/+/=}) 14... Qd5 $1 (14... c5 $2 15. dxc5 Bxe5 16. Bb4 $18) 15. Rfe1
$6 (15. c4 Qe4 16. Rfe1 Qxc2 17. Qxc2 Bxc2 18. a5 Bxe5 19. dxe5 O-O-O $11 {/=/+
}) 15... c5 $1 $15 16. Qg5 O-O 17. Nd7 f6 18. Qh4 Bxh2+ 19. Kxh2 Qxd7 20. Bxc5
Rfb8 21. a5 Rb2 22. Rec1 Re8 (22... Rxc2 $5) 23. Ba3 Rb5 24. Bc5 e5 25. Qg3 Qf7
26. Ba7 $6 (26. Qf3 Qg6 27. Re1 Bxc2 28. Qc6 {wirkt logischer.}) 26... exd4 27.
cxd4 Re2 28. c4 (28. Qf3 $5 {denn} Rxc2 $2 29. Bc5 Qd7 30. Rxc2 Bxc2 31. Qa8+
Kf7 32. Qxa6 c6 33. Qa7 {ist nicht im Sinne von Schwarz.}) 28... Rbb2 29. d5
Re4 $1 {das Blockwerk f2 können die schwarzen Türme nicht stürmen, daher wird
nun der Angriff auf g2 und die h-Linie verlagert.} (29... Qh5+ 30. Kg1 Re4 31.
Qf3 Qxf3 32. gxf3 Rh4 $17 {kam auch in Betracht.}) 30. Kg1 Rg4 31. Qf3 $4 {
[%mdl 8192]} (31. Qc3 Re2 (31... Rb7 $2 32. f3 $11) 32. Re1 Rc2 33. Qb3 h6 $15
{/-/+}) 31... Qg6 32. Re1 (32. d6 Be4 33. dxc7 Rxg2+ 34. Kh1 Qh6+ 35. Kxg2
Bxf3+ 36. Kxf3 Qh3+ 37. Ke4 Qe6+ 38. Kf3 Qc6+ $19) 32... Be4 33. Rxe4 Qxe4 0-1

[Event "EU-ch 3rd"]
[Site "Batumi"]
[Date "2002.06.14"]
[Round "3"]
[White "Fedorov, Alexei"]
[Black "Mamedyarov, Shakhriyar"]
[Result "1-0"]
[WhiteElo "2598"]
[BlackElo "2542"]
[Annotator "Mueller,Karsten"]
[PlyCount "65"]
[EventDate "2002.06.12"]
[EventType "swiss"]
[EventRounds "13"]
[EventCountry "GEO"]
[SourceTitle "CBM 090"]
[Source "ChessBase"]
[SourceDate "2002.09.20"]
[SourceVersion "1"]
[SourceVersionDate "2002.09.20"]
[SourceQuality "1"]

1. e4 d5 2. exd5 Qxd5 3. Nc3 Qa5 4. d4 Nf6 5. Bd2 c6 6. Bc4 Bg4 7. f3 Bd7 $6 {
hier steht der Läufer meiner Meinung nach nicht gut.} (7... Bf5 {ist die
Hauptvariante.}) 8. Qe2 e6 (8... Qb6 9. Qe3 Qxb2 $2 10. Rb1 Qa3 11. Rxb7 $36)
9. Ne4 Qd8 10. O-O-O b5 11. Bd3 Na6 12. f4 Nb4 13. Bxb4 Bxb4 14. c3 Be7 $6 (
14... Nxe4 $5 15. Qxe4 Bd6 16. Nf3 Qc7 17. f5 O-O-O $14) 15. Nxf6+ Bxf6 16. Nf3
Qa5 17. Kb1 b4 18. c4 c5 $6 (18... O-O 19. Ne5 Rad8 $14 {/+/-}) 19. d5 $16 O-O
20. Ne5 Rad8 21. d6 Qb6 22. Rd2 Ba4 23. b3 Bc6 24. Bc2 a5 25. h4 a4 26. bxa4 b3
$2 (26... Bxe5 27. fxe5 f5 28. exf6 Rxf6 29. Rf1 $16) 27. axb3 $18 Bxa4 28. Qd3
g6 29. h5 Be8 (29... Bxe5 30. fxe5 Rd7 31. hxg6 fxg6 32. Qh3 Re8 33. Bxg6 $18)
30. Qh3 Qa7 31. hxg6 fxg6 32. d7 Rf7 33. Qxe6 1-0

[Event "Hastings 9798"]
[Site "Hastings"]
[Date "1997.12.29"]
[Round "1"]
[White "Nunn, John DM"]
[Black "Rausis, Igors"]
[Result "1/2-1/2"]
[WhiteElo "2620"]
[BlackElo "2490"]
[Annotator "Mueller,Karsten"]
[PlyCount "40"]
[EventDate "1997.12.29"]
[EventType "tourn"]
[EventRounds "9"]
[EventCountry "ENG"]
[EventCategory "13"]
[SourceTitle "CBM 063"]
[Source "ChessBase"]
[SourceDate "1998.03.26"]
[SourceVersion "1"]
[SourceVersionDate "1998.03.26"]
[SourceQuality "1"]

1. e4 d5 2. exd5 Nf6 3. Nf3 Nxd5 4. d4 Bf5 5. Be2 e6 6. O-O Be7 7. c3 O-O 8.
Qb3 Qc8 9. Na3 c5 $6 (9... Nd7 10. Nc4 c5 11. Nce5 Nxe5 12. dxe5 Qc7 $11 {
Saunina,L-Genba,V/RUS-Cup5 1997/EXP 57/1/2-1/2 (58)}) 10. c4 $1 Nb4 11. Be3
N8c6 12. dxc5 (12. d5 $2 Na5 13. Qa4 b6 14. dxe6 Bxe6 $15) 12... Na6 13. Nb5 (
13. Qb5 $5 Nc7 14. Qa4 Bf6 15. Nb5 Bxb2 16. Nd6 $36) 13... Nxc5 14. Qa3 b6 15.
Nfd4 Be4 16. Nxc6 Qxc6 17. f3 Bg6 18. b4 Nd7 19. Qb3 a6 20. Nd4 Qc7 1/2-1/2

[Event "EU-chT (Men) 11th"]
[Site "Pula"]
[Date "1997.05.??"]
[Round "4.4"]
[White "Soylu, Suat"]
[Black "Santos, Carlos Pereira Dos"]
[Result "1-0"]
[WhiteElo "2395"]
[BlackElo "2340"]
[Annotator "Mueller,Karsten"]
[PlyCount "81"]
[EventDate "1997.05.05"]
[EventType "team-swiss"]
[EventRounds "9"]
[EventCountry "CRO"]
[SourceTitle "CBM 057 Extra"]
[Source "ChessBase"]
[SourceDate "1997.05.01"]
[SourceVersion "1"]
[SourceVersionDate "1997.05.01"]
[SourceQuality "1"]
[WhiteTeam "Turkey"]
[BlackTeam "Portugal"]
[WhiteTeamCountry "TUR"]
[BlackTeamCountry "POR"]

1. e4 {Finkel,A} d5 2. exd5 Nf6 3. c4 e6 4. dxe6 Bxe6 5. Nf3 Qe7 6. Qe2 (6. Be2
$6 Bxc4 7. d3 Ba6 8. O-O Qd6 (8... Nc6 {Finkel,A} 9. Re1 O-O-O 10. Be3 Qb4 11.
Qc2 Nd5 12. Nc3 Nxe3 13. fxe3 Qe7 14. Qd2 f5 $13) 9. Na3 Be7 10. Nc4 Qd8 11. b3
O-O 12. Bb2 Nd5 $15 {Bancod,R-Levin,F/Nuernberg Weilburg op 1996/EXT 96op2/1/
2-1/2 (65)}) 6... Nc6 7. d4 Bg4 {Another continuation leading to a very
complicated position with mutual chances is:} (7... O-O-O 8. d5 (8. Be3 $5)
8... Qb4+ 9. Nc3 Bf5 (9... Bc5 {Finkel,A} 10. Qc2 Ng4 11. Be2 Bxf2+ 12. Kf1 Nd4
13. Nxd4 Bxd4 14. Qe4 $2 (14. dxe6 Nf2 15. Rg1 fxe6 16. Qb3 $16) 14... Bxc3 15.
dxe6 f5 16. Qf3 Bd2 $17 {Miezis-Kveinis/Bad Godesberg/1995/ (24)}) 10. dxc6 (
10. Be3 Ne4 (10... Bc5 11. O-O-O (11. dxc6 $5 Bd3 (11... Rhe8 $6 12. cxb7+ Kb8
13. Rd1 Rxd1+ 14. Kxd1 Rd8+ 15. Kc1 $18) 12. cxb7+ Qxb7 13. Qxd3 Rxd3 14. Bxd3
Bxe3 15. fxe3 Qxb2 16. Bf5+ Nd7 17. Bxd7+ Kxd7 18. Rd1+ Kc8 19. Ne2 $14) 11...
Rhe8 12. dxc6 $2 (12. Bxc5 $2 Rxe2 13. Bxb4 Rc2+ 14. Kb1 Rxc3+ 15. Ka1 Rxf3 16.
gxf3 Nxb4 $17) (12. Qd2 $5) (12. Nb5 $1) 12... Qxc3+ $3 13. bxc3 Ba3+ 14. Qb2
Bxb2+ 15. Kxb2 Rxd1 $19 {0-1 Isaev,D-Magai,V/Erevan olm 1996/EXT 96ch2 (41)})
11. Rc1 g6 12. a3 Qa5 13. dxc6 Bg7 14. cxb7+ Kb8 15. Nd2 Bxc3 16. bxc3 Nxd2 17.
Bxd2 Rhe8 18. Be3 Qxa3 19. Rc2 Be4 20. Bxa7+ Qxa7 21. Ra2 Bc2 {0-1 Minasian,
A-Tu Hoang Thong/Erevan olm 1996/EXT 96ch2}) 10... Bc5 (10... Bd3 $6 11. cxb7+
Kxb7 12. Qd1 Re8+ 13. Be3 Bxf1 14. Rxf1 $18) 11. a3 (11. cxb7+ Kxb7 12. a3 Qa5
13. Ne5 Rhe8 14. f4 Bg4 15. Qc2 $18 {Manus,C-Weteschnik,M/Kassel op 1994 (18)})
11... Qb6 12. b4 Rhe8 $44 {0-1 Carreau-Wians,C/Brussels zt 1993/EXP 34 (23)}) (
7... Bf5 8. Qxe7+ (8. d5 {Finkel,A} Nb4 9. Qxe7+ Bxe7 10. Na3 O-O-O 11. Nd4 Bg6
12. Be2 c6 13. Bf4 Rhe8 14. O-O Bc5 $13 {Grabics,M-Carvalho,A/WchJW U18
Bratislava 1993 (38)}) 8... Bxe7 9. a3 O-O-O 10. Be3 Rhe8 11. Nbd2 Ng4 12. h3
Nxe3 13. fxe3 Bf6 14. Kf2 $14 {1-0 Loemker,A-Doeve,M/NRW-I 1996/GER 13 (40)})
8. Qxe7+ (8. Be3 $6 {Finkel,A} O-O-O 9. d5 (9. Nbd2 Nb4 10. Rc1 Bf5 11. Ne5 $2
(11. Qd1 $13) 11... Nc2+ 12. Rxc2 Bxc2 13. a3 Nd7 $17 {Churm Rohan-Ryan Joseph/
It (open), Isle of Man (Great Britain) 1995/0-1 (48)}) 9... Ne5 10. Nbd2 c6 $17
) 8... Bxe7 9. Be3 Bxf3 $6 {More chances to equalize gives on my opinion} (9...
O-O-O 10. d5 (10. Nbd2 $5 {Finkel,A} Nb4 11. Kd1 h6 12. a3 Nc6 13. d5 Ne5 14.
Kc2 Bf5+ 15. Kc3 Neg4 16. Bd4 $16 {Espinosa,J-Ribeiro,F/Capablanca mem-C 1996 
(53)}) 10... Nb4 11. Na3 (11. Nd4 c5 (11... Bc5 $5) 12. dxc6 Rxd4 13. Bxd4 Nc2+
14. Kd2 Nxd4 $13) 11... c6 (11... Bf5 $5 12. Ne5 Rde8 13. Nxf7 Rhf8 14. Ne5
Nbxd5 $1 15. cxd5 Bb4+ 16. Ke2 Rxe5 $36) 12. Be2 cxd5 13. O-O Bxf3 (13... Kb8
$6 14. Nb5 $14 {1-0 Frois,A-Almeida,R/Almada 1988/EXT 88 (26)}) 14. Bxf3 d4 $11
) 10. gxf3 {das Läuferpaar gibt Weiß nun Vorteil.} O-O-O 11. d5 Nb4 12. Na3 (
12. Kd2 $6 {Finkel,A} c6 13. a3 Na6 14. Rg1 g6 15. Bxa7 Bc5 $1 $44) 12... Nd7
13. Bh3 {Interesting move creating a lot of complications which finaly turn
out to be in white's favour.} Nd3+ 14. Ke2 Nxb2 15. Nb5 a6 16. Na7+ Kb8 17.
Rhb1 Bf6 {[%tqu "En","How to continue ?","","","b1b2","dies war die weiße Idee.
Er erhält nun mit dem Läuferpaar gefährliche Initiative.",5,"De","Wie soll es
weitergehen ?","","","b1b2","dies war die weiße Idee. Er erhält nun mit dem
Läuferpaar gefährliche Initiative.",5]} 18. Rxb2 $1 Bxb2 19. Rb1 Nb6 $2 (19...
Bf6 20. Nc6+ Ka8 21. Nxd8 Rxd8 22. f4 $14) (19... Ba3 20. Nc6+ $14) 20. Rxb2
Kxa7 (20... Nxc4 21. Nc6+ Ka8 22. Nxd8 Nxb2 23. Nxf7 $18) {[%tqu "En","White
has sacrificed an exchange. What was the idea ?","","","d5d6","gewinnt den
Springer.",4,"De","Weiß hat gerade eine Qualität geopfert. Wie soll es nun
weitergehen ?","","","d5d6","gewinnt den Springer.",4]} 21. d6 $1 {Compleating
the forced consequance of moves.The arising endgame is better for white
because a pair of bishops prooves to be very strong.} Rxd6 22. c5 Rc6 23. cxb6+
cxb6 24. a4 $1 a5 25. Rb5 Ka6 (25... Kb8 26. Bd7 Rg6 27. Bf5 Rc6 28. Bxb6 Re8+
29. Be3 Rc7 30. Be4 $18) 26. Bf5 Re8 27. Bd7 Rb8 28. Bf5 ({Simple} 28. Bxc6 {
Finkel,A} bxc6 29. Rf5 f6 30. Rh5 $1 h6 31. Kd3 b5 32. Rc5 $18 {would also
lead to winning position.}) 28... Re8 29. Bd3 Ka7 30. Rxa5+ Kb8 31. Rh5 h6 32.
Bb5 Rc2+ 33. Kf1 Re6 34. Rf5 f6 35. Rd5 {The rest is easy.} Rb2 36. Rd8+ Ka7
37. Rd7 Rb1+ 38. Kg2 g5 39. Bd3 Rb2 40. Kg3 Rb4 41. a5 1-0

[Event "EU-Cup 18th"]
[Site "Kallithea"]
[Date "2002.09.22"]
[Round "1.6"]
[White "Glek, Igor Vladimirovich"]
[Black "Hernando Rodrigo, Jose Maria"]
[Result "0-1"]
[WhiteElo "2590"]
[BlackElo "2393"]
[Annotator "Mueller,Karsten"]
[PlyCount "62"]
[EventDate "2002.09.22"]
[EventType "team-swiss"]
[EventRounds "7"]
[EventCountry "GRE"]
[SourceTitle "CBM 092"]
[Source "ChessBase"]
[SourceDate "2003.02.06"]
[SourceVersion "1"]
[SourceVersionDate "2003.02.06"]
[SourceQuality "1"]
[WhiteTeam "Norilsk Nikel"]
[BlackTeam "Reverte Albox"]
[WhiteTeamCountry "RUS"]
[BlackTeamCountry "ESP"]

1. e4 d5 2. exd5 Qxd5 3. Nc3 Qa5 4. d4 Nf6 5. Nf3 Bg4 6. h3 Bh5 7. g4 Bg6 8.
Ne5 e6 9. Bg2 c6 10. h4 Be4 11. Bxe4 Nxe4 12. Qf3 Nd6 13. Bg5 (13. Bf4 f6 (
13... Na6 14. O-O-O Nb4 (14... Be7 $2 15. Nxc6 $18 {1-0 Masse,H-Trottier,J/
Quebec CAN 2001/The Week in Chess 352 (45)}) 15. Kb1 $14) (13... Nb5 14. Nxf7
$5 (14. Bd2 f6 $13) 14... Nxd4 (14... Ba3 15. bxa3 O-O 16. Bd2 Rxf7 17. Nxb5
Qxb5 18. Qb3 Qd5 19. Qxd5 exd5 $14) 15. Qe4 Nxc2+ 16. Qxc2 Kxf7 17. O-O-O $44)
14. Nd3 Nb5 (14... Nd7 15. O-O-O O-O-O 16. Rhe1 $36 {1-0 Smikovski,I-Badjarani,
I/Berlin 1998/CBM Extra 66 (26)}) 15. O-O $36 {1-0 Popovic,P-Rogers,I/Vrsac
1987/CBM 05 (41). (40)}) (13. Bd2 f6 (13... Qc7 $6 14. O-O-O Na6 15. Rhe1 O-O-O
16. h5 $36 {1-0 Ruan Lufei-Huang Qian/HeiBei CHN 2001/The Week in Chess 352 
(48)}) (13... Nd7 $6 14. Qf4 $36) 14. Nd3 Nd7 (14... Na6 $6 15. Qe2 Kf7 16.
O-O-O Re8 17. Rhe1 $36 {1-0 Kimelfeld,R-Baikov,V/USSR 1983/Inf 36 (36). (35)})
15. O-O-O (15. Qe2 O-O-O 16. f4 h5 17. O-O-O {1/2-1/2 Chandler,M-Rogers,I/Nis
1983/MCD-r8 (17)}) (15. b4 Qa6 {Wong,M-Rogers,I/Singapore 1983/Inf 36 (15)}) (
15. Ne4 Qd5 16. Nxd6+ Bxd6 17. Qxd5 exd5 {Domont,A-Rogers,I/Biel II 1983/Inf
36 (17)}) 15... O-O-O 16. Rhe1 (16. Kb1 Nc4 17. Nc1 e5 18. Nb3 Nxd2+ 19. Rxd2
Qc7 20. d5 Bb4 21. a3 {1/2-1/2 Filipovic,B-Kiss,A/Zuerich 1988/EXT 88op (21)})
16... Re8 $14 {1-0 Yu Ting-He Tianjian/Suzhou, Jiangsu CHN 2001/The Week in
Chess 352 (79)}) (13. O-O $6 {wirkt angesichts der vorgestürmten g- und
h-Bauern nicht so logisch, z.B.} Be7 14. h5 O-O 15. a3 Qd8 16. Qe2 a6 17. Na4
Nc8 18. Be3 Nd7 19. f4 Ncb6 20. Nxb6 Nxb6 21. c4 Nd7 22. Rad1 Qc7 23. Rd2 Rad8
24. Rfd1 Bd6 25. Qf2 Rfe8 26. Kg2 Rc8 27. Kh3 b5 28. c5 Be7 29. g5 f6 30. gxf6
Nxf6 31. Qf3 Nd5 32. Rg2 Bf6 33. Rdg1 Re7 34. Ng4 Rf8 $15 {0-1 Matulovic,
M-Rogers,I/Nis 1983/MCD-r8 (87)}) 13... Nd7 $1 14. Nxd7 Kxd7 15. O-O-O Re8 16.
Kb1 (16. Bf4 {wird mit} Nc4 {beantwortet.}) 16... Kc8 17. Rhe1 Be7 18. Re5 Qd8
19. Rc5 Bxg5 20. hxg5 Re7 21. a4 Ne8 22. d5 {ein typischer Vorstoß, um die
schwarzen Verteidigungswälle zu knacken.} (22. Qe3 $5 {[%cal Gf2f5]}) 22...
exd5 23. Rdxd5 Re1+ 24. Ka2 Qe7 25. Nb5 a6 ({Auf} 25... Nc7 $6 26. Nxa7+ Kb8
27. Nxc6+ bxc6 28. Qb3+ Kc8 29. Rxc6 Re6 30. Rc3 {sollte man sich besser nicht
einlassen.}) 26. Nd4 Nc7 $1 (26... f6 $2 27. Nxc6 bxc6 28. Rxc6+ Nc7 (28... Kb7
29. Rdc5 Ka7 30. Rxa6+ Kxa6 31. Qc6+ Ka7 32. Ra5+ Kb8 33. Ra8#) 29. Rdc5 Re8
30. gxf6 gxf6 31. Rxc7+ Qxc7 32. Qa8+ Kd7 33. Rxc7+ Kxc7 34. Qa7+ $18) 27. Qf5+
(27. Nf5 $5 Qe6 28. Nxg7 Qe4 29. Qxe4 Rxe4 30. Rf5 Ne6 31. Nxe6 fxe6 $14) 27...
Re6 $1 {[%mdl 256] Schwarz verteidigt sich sehr zäh und umsichtig.} (27... Ne6
$2 28. Nxc6 bxc6 29. Rxc6+ Kb7 (29... Kb8 30. Rxa6 Nc7 31. Rd8+ Rxd8 32. Rb6+
Ka8 33. Qa5+ Na6 34. Rxa6+ Kb8 35. Ra8+ Kb7 36. Ra7+ Kb8 37. Qb6+ Kc8 38. Qc6+
Kb8 39. Qa8#) 30. Rb5+ axb5 31. Qxb5+ Ka8 32. Ra6+ Qa7 33. Rxa7+ Kxa7 34. Qa5+
Kb7 35. Qxe1 $18) 28. Nxe6 $4 {[%mdl 8192]} (28. Re5 g6 29. Qe4 Rxe5 30. Rxe5
$14) 28... fxe6 $19 29. Re5 Qxc5 $1 {diese Riposte war Glek entgangen.} 30. Qf4
Qxc2 31. Re4 Nd5 0-1

[Event "EU-Cup 13th final"]
[Site "Kazan"]
[Date "1997.12.28"]
[Round "1"]
[White "Hasangatin, Ramil"]
[Black "Nevednichy, Boris M"]
[Result "1/2-1/2"]
[WhiteElo "2470"]
[BlackElo "2360"]
[Annotator "Mueller,Karsten"]
[PlyCount "97"]
[EventDate "1997.12.28"]
[EventType "team-k.o."]
[EventRounds "4"]
[EventCountry "RUS"]
[SourceTitle "EXT 2020"]
[Source "ChessBase"]
[SourceDate "2019.10.17"]
[SourceVersion "1"]
[SourceVersionDate "2019.10.17"]
[SourceQuality "1"]
[WhiteTeam "Kazan Sberbank-Tatarstan II"]
[BlackTeam "Chisinau Rezina-Gaz"]
[WhiteTeamCountry "RUS"]
[BlackTeamCountry "MDA"]

1. e4 d5 2. exd5 Nf6 3. Nf3 Nxd5 4. d4 g6 5. c4 Nb6 6. Nc3 Bg7 7. Be2 O-O 8.
O-O Bg4 9. h3 Bxf3 10. Bxf3 c6 11. c5 Nd5 12. Qb3 Qd7 $5 {dieses Bauernopfer
scheint Schwarz gute Ausgleichschancen zu versprechen. Andere Züge haben sich
nicht so bewährt:} (12... Nxc3 $2 13. bxc3 b6 14. Bf4 Nd7 $2 15. Bxc6 Rc8 16.
Bb7 $18 {1-0 Eisinger,M-Richter,K/GER-ch Bad Oeynhausen 1939/HCL 31 (36)}) (
12... Bxd4 $2 13. Nxd5 cxd5 14. Qxb7 e6 15. Bh6 Re8 16. Rad1 Bxc5 17. Qxa8 Qc7
18. Bxd5 exd5 19. Qxd5 $18 {1-0 Petersen,P-Hald,J/DEN-ch qual Gladsaxe 1993/
EXT 93ch (24)}) 13. Nxd5 (13. Rd1 e6 14. Bg5 Na6 15. Bh4 Ne7 16. Ne4 Nd5 17.
Bg3 f5 18. Nc3 f4 19. Bh2 Nac7 $11 {Motylev,A-Genba,V/St.Petersburg op2 1994/
EXP 43/0-1 (73)}) 13... cxd5 14. Qxd5 (14. Bxd5 Nc6 15. Rd1 Na5 (15... Nxd4 $5
16. Rxd4 Bxd4 17. Bxb7 Rab8 18. c6 Qc7 $13) 16. Qf3 Rad8 17. Be4 Nc6 18. Be3 (
18. Bxc6 bxc6 19. Be3 Qd5 20. Qe2 f5 $44) 18... Nxd4 19. Bxd4 Bxd4 20. Bxb7 Qc7
21. c6 Bxb2 22. Rab1 Bd4 23. Ba6 Rd6 $11 {Malakhov,V-Genba,V/RUS-chJ Moscow
1995/CBM 46/[Nikitin]/0-1 (97)}) 14... Qxd5 15. Bxd5 Nc6 16. Bxc6 bxc6 17. Be3
Rfd8 18. Rfd1 Rd5 (18... Rab8 19. Rd2 Rb4 20. b3 Rd5 $44 {(Nikitin)}) 19. Rd2
g5 20. Rad1 h6 21. Kf1 Rad8 22. Ke2 f5 23. f3 Kf7 24. Rd3 Ke6 25. R1d2 R5d7 26.
Ra3 $5 {löst sich aus der Passivität. Allerdings ist das entstehende
Turmendspiel aufgrund des aktiven schwarzen Königs recht remisträchtig} f4 27.
Bf2 Bxd4 28. Bxd4 Rxd4 29. Rxd4 Rxd4 30. Ra6 $1 (30. Rxa7 Rc4 31. Kd3 Rxc5 $11)
30... Kd5 31. Rxa7 Rc4 32. Kd3 Rd4+ 33. Kc3 Rc4+ 34. Kb3 e5 35. Rd7+ $6 (35.
Re7 $5 $14) 35... Kxc5 $11 36. Re7 Rb4+ 37. Kc3 Rc4+ 38. Kd3 Rd4+ 39. Ke2 Rc4
40. Rxe5+ Kd6 41. Kd3 Ra4 42. Re8 Rxa2 43. Kc3 Ra1 44. Rh8 Rg1 45. Rxh6+ Ke5
46. h4 Rxg2 47. hxg5 (47. Rh5 Rf2 $11 (47... Kf5 $4 48. Rxg5+ Rxg5 49. hxg5
Kxg5 50. Kd4 Kh4 51. Ke4 Kg3 52. b4 $18)) 47... Rg3 48. Rxc6 Rxf3+ 49. Kd2
1/2-1/2

[Event "Bermuda-B"]
[Site "Bermuda"]
[Date "2003.01.28"]
[Round "4"]
[White "Kallio, Heikki"]
[Black "Paschall, William M"]
[Result "0-1"]
[WhiteElo "2474"]
[BlackElo "2444"]
[Annotator "Mueller,Karsten"]
[PlyCount "86"]
[EventDate "2003.01.25"]
[EventType "tourn"]
[EventRounds "11"]
[EventCountry "BER"]
[EventCategory "10"]
[SourceTitle "CBM 094"]
[Source "ChessBase"]
[SourceDate "2003.05.26"]
[SourceVersion "1"]
[SourceVersionDate "2003.05.26"]
[SourceQuality "1"]

1. e4 d5 2. exd5 Nf6 3. Bb5+ Bd7 4. Be2 Nxd5 5. d4 Bf5 6. Nf3 e6 7. O-O Be7 8.
c4 Nb4 9. Na3 N8c6 10. Be3 O-O 11. Qd2 $6 (11. Qa4 $5 Bf6 12. Rfd1 Qe7 13. Rd2
Rfd8 14. Nb5 Rd7 15. Nc3 Rad8 16. Rad1 $14 {0-1 De Mie,M-Gerritse,X/Leiden
1999/EXT 2000 (41)}) (11. Qb3 a5 12. Rfd1 (12. Rfc1 a4 13. Qd1 Bf6 14. Nb5 $11
{1-0 Strachan,J-Hyll,J/SVK 1997/EXT 98 (56)}) 12... Bf6 (12... a4 13. Qc3 Bf6
14. Rd2 h6 15. Nb5 Qe7 16. Qc1 Rfd8 17. Qd1 {1-0 Esplana,C-Suasnabar,J/Lima
1999/EXT 2000 (38)} e5 18. d5 e4 $11) 13. Rd2 a4 14. Qd1 Ne7 15. Ne5 $11 {
/+/= 1-0 Honfi,K-Dely,P/HUN 1973/MCD (27)}) 11... Qd7 (11... Bf6 12. Rfd1 Qe7
13. Qc3 {1-0 Pierrot,F-Cubas,J/Mar del Plata 2001/EXT 2002 (58). (57)} Rfd8 $11
) 12. Rfd1 Rfd8 13. Qc3 a6 14. b3 Bf6 {Schwarz hat sehr bequemen Ausgleich
erreicht} 15. Ne5 $6 (15. Rd2 $142 {[%cal Gc3b2,Ga3b1,Gb1c3,Ga1d1]}) 15... Bxe5
$15 16. dxe5 Qe7 17. Rxd8+ Rxd8 18. f4 Be4 19. c5 $6 Qd7 20. Kf2 Nd5 21. Qc1
Ncb4 (21... f6 $5) 22. g3 Qc6 23. Qd2 Rd7 (23... Nd3+ 24. Kg1 Nxe3 25. Qxe3
Qxc5 26. Qxc5 Nxc5 {wird mit} 27. Rc1 {beantwortet.}) 24. Qd4 $2 {lädt Schwarz
zum Konter förmlich ein.} (24. Bd4 {war vonnöten.}) 24... Nxe3 (24... Nd3+ $5
25. Bxd3 Nf6 26. Be2 Rxd4 27. Bxd4 Nd7 $15 {/-/+}) 25. Qxb4 Nd5 26. Qc4 b5 27.
Qxe4 $2 (27. Nxb5 axb5 28. Qxe4 Qxc5+ 29. Kg2 $15) 27... Qxc5+ 28. Kg2 $6 (28.
Kf1 Qxa3 29. Bd3 g6 30. Qe2 Nc3 31. Qc2 Qc5 32. Rc1 b4 $17 {/-+}) 28... Qxa3
29. f5 $6 exf5 30. Qf3 (30. Qxf5 $4 Ne3+ $19) 30... Qb2 31. Rd1 Qxe5 32. a4 g6
33. Rd3 f4 34. Kf2 fxg3+ 35. hxg3 c6 36. Kg2 Re7 37. Rd2 Qg5 38. Rd4 Re3 39.
Qf2 Qe5 40. Rd2 Rxb3 41. Bf3 Qe3 42. Qxe3 Rxe3 43. a5 Ra3 0-1